Responses for show #7492 - Tuesday, March 21, 2017

Contestants

[<< previous game]

Kevin Shrum, a retired adjunct professor from Fort Collins, Colorado

Adam Weissengruber, a librarian from Toronto, Ontario, Canada

Rebecca Wald, a psychologist from Baltimore, Maryland (whose 2-day cash winnings total $43,300)

[next game >>]

Jeopardy! Round responses

PRETTY COLORS
THE 20th CENTURY
PARTS OF THE WHOLE
MOVIE STARS
FOREIGN WORDS & PHRASES
"C" ALL THE ANIMALS
    $200 22
Canada

Kevin
    $200 11
a guitar

Adam
    $200 6
Johnny Depp

Adam
    $200 16
espresso

Rebecca
    $200 1
chimpanzees

Adam
    $400 23
Barney

Kevin
    $400 29
[The end-of-round signal sounds.]

the Suez Canal

Rebecca
    $400 12
Monopoly

Adam
    $400 7
Marlon Brando

Kevin
    $400 17
(Kevin: What is shalom?)

mazel tov

RebeccaKevin
    $400 2
a coyote

Kevin
    $600 24
(Adam: What is Dartmouth?)
...
(Alex: A minute to go now.)

Brown University

Adam
Triple Stumper
    $600 20
Teapot Dome

Kevin
    $600 13
a bicycle

Adam
    $600 8
Grace Kelly

Kevin
    $600 18
(Adam: What is assam alaikum?)

assalamu alaikum

Adam
Triple Stumper
    $600 3
a crocodile

Kevin
    $800 25
Istanbul

Adam
    $800 21
(Garry) Kasparov

Rebecca
    $800 14
a parachute

Kevin
    $800 9
(Marion) Cotillard

Adam
    $800 19
a dojo

Adam
    $800 4
a cockatoo

Kevin
    $1000 26
yellow ribbons

Kevin
    $1000 27
Kristallnacht

Kevin
    $1000 15
a computer mouse

Kevin
    $1,400 10
(Adam: Who is Jack Nicholson?)

Dustin Hoffman

Adam
    $1000 28
an anorak

Kevin
    $1000 5
a capybara

Adam

Scores at the first commercial break (after clue 15):

Rebecca Adam Kevin
$0 $2,000 $4,600

Scores at the end of the Jeopardy! Round:

Rebecca Adam Kevin
$1,800 $2,400 $8,400

Double Jeopardy! Round responses

THE JEAN POOL
BAYS
WILLIAM HENRY HARRISON
POETS & POETRY
BAD INVESTMENTS
A SPOT OF SILENT T
    $400 24
"Billie Jean"

Kevin
    $400 9
Oahu

Adam
    $400 21
Indiana

Kevin
    $400 2
"The Rime of the Ancient Mariner"

Adam
    $400 16
penny stocks

Rebecca
    $400 1
a whistle

Adam
    $800 25
(Alex: With less than a minute now.)

Fargo

Kevin
    $800 10
Bounty

Kevin
    $800 22
(Kevin: What is applejack?)

apple cider

RebeccaKevin
    $800 3
"Casey at the Bat"

Kevin
    $800 17
(MC) Hammer

Adam
    $800 5
Christmas

Triple Stumper
    $1200 27
(Rebecca: What is vision?)

religion

RebeccaAdam
    $1200 11
Quebec

Adam
    $5,000 23
(Rebecca: Who is Taylor?)

Andrew Jackson

Rebecca
    $1200 4
"The Charge of the Light Brigade"

Rebecca
    $1200 18
a hedge fund

Kevin
    $1200 6
apostles

Rebecca
    $1600 28
the "Treehouse of Horror"s

Adam
    $1,500 12
the Bay of Bengal

Adam
    $1600 26
the Thames

Adam
    $1600 14
the Holy Grail

Kevin
    $1600 19
virtual currency

Adam
    $1600 7
hasten

Rebecca
    $2000 29
Jean Harlow

Adam
    $2000 13
the Bay of Biscay

Adam
    $2000 30
(Rebecca: What is the patronage system?)
(Alex: Be a little more specific.)
(Rebecca: What is the party patronage system?)

the spoils system

Rebecca
Triple Stumper
    $2000 15
(Rebecca: Who is Rimbaud?)

Charles Baudelaire

Rebecca
Triple Stumper
    $2000 20
(Adam: What is depreciation?)

default

AdamKevin
    $2000 8
a depot

Adam

Scores at the end of the Double Jeopardy! Round:

Rebecca Adam Kevin
-$3,200 $17,100 $15,600

[wagering suggestions for these scores]

Final Jeopardy! Round responses

FASHION HISTORY
KevinWhat are jhodpurs?
$1,600
AdamWhat are crops?
$1,505
jodhpurs

Final scores:

Rebecca Adam Kevin
-$3,200 $15,595 $17,200
3rd place: $1,000 2nd place: $2,000 New champion: $17,200

Game dynamics:

Coryat scores:

Rebecca Adam Kevin
$1,800 $18,600 $15,600
9 R,
4 W
(including 1 DD)
22 R
(including 1 DD),
4 W
(including 1 DD)
21 R,
2 W

Combined Coryat: $36,000

The J! Archive is created by fans, for fans. The Jeopardy! game show and all elements thereof, including but not limited to copyright and trademark thereto, are the property of Jeopardy Productions, Inc. and are protected under law. This website is not affiliated with, sponsored by, or operated by Jeopardy Productions, Inc. Join the discussion at JBoard.tv.